Собрание сочинений. Т. 4: Рассказы | Падения Парижа (Запись № 8951319)

Подробности
000 -МАРКЕР
контрольное поле 00990nam2a22002531 4500
001 - ИДЕНТИФИКАТОР ЗАПИСИ
контрольное поле rc\4923241
005 - ИДЕНТИФИКАТОР ВЕРСИИ
контрольное поле 20250613041628.0
021 ## - НОМЕР ГОСУДАРСТВЕННОЙ РЕГИСТРАЦИИ
Код страны Российская Федерация
Номер [64-88943]
035 ## - ДРУГИЕ СИСТЕМНЫЕ НОМЕРА
Идентификатор записи (NLR Aleph) 008941966
100 ## - ДАННЫЕ ОБЩЕЙ ОБРАБОТКИ
Данные общей обработки 20130426d1964 |||y0rusy50 ca
101 0# - ЯЗЫК РЕСУРСА
Язык текста, звукозаписи и т.д. русский
102 ## - СТРАНА ПУБЛИКАЦИИ ИЛИ ПРОИЗВОДСТВА
Страна публикации Российская Федерация
105 ## - ПОЛЕ КОДИРОВАННЫХ ДАННЫХ: ТЕКСТОВЫЕ МАТЕРИАЛЫ, МОНОГРАФИЧЕСКИЕ
Кодированные данные о монографическом текстовом документе y z |||a|
200 1# - ЗАГЛАВИЕ И СВЕДЕНИЯ ОБ ОТВЕТСТВЕННОСТИ
Основное заглавие Рассказы
-- Падения Парижа
Сведения, относящиеся к заглавию Роман
Первые сведения об ответственности [Коммент. С. Лубэ]
210 ## - ПУБЛИКАЦИЯ, РАСПРОСТРАНЕНИЕ И ДР.
Имя издателя, распространителя и т. д. Худож. лит.
Дата издания, распространения и т.д. 1964
Место издания, распространения и т.д. Б. м.
215 ## - ФИЗИЧЕСКАЯ ХАРАКТЕРИСТИКА
Специфическое обозначение материала и объем 551 с.
Размеры 21
461 #0 - УРОВЕНЬ НАБОРА
Встроенное поле 001rc\4923237
-- 2001#$aСобрание сочинений$eВ 9 т.$eТ. 1-$vТ. 4
-- 700#1$aЭренбург$bИ.Г.$f1891-1967$gИлья Григорьевич
Системный номер (АБИС) связанной записи 8951295
Автор Эренбург, И. Г. (1891-1967)
Место публикации Москва
Дата публикации 1962
Имя издателя, распространителя и т.д. Гослитиздат
Сведения, относящиеся к заглавию В 9 т. : Т. 1-
Заглавие Собрание сочинений
Номер тома Т. 4
702 #1 - ИМЯ ЛИЦА - ВТОРИЧНАЯ ОТВЕТСТВЕННОСТЬ
Начальный элемент ввода Лубэ
Часть имени, кроме начального элемента ввода С.
Код отношения Комментатор печатного текста
801 #0 - ИСТОЧНИК ЗАПИСИ
Страна Российская Федерация
Организация NLR
Правила каталогизации psbo
801 #1 - ИСТОЧНИК ЗАПИСИ
Страна Российская Федерация
Организация ELAR
Источник данных rusmarc
852 ## - МЕСТОНАХОЖДЕНИЕ И ШИФР ХРАНЕНИЯ
Идентификатор организации NLR
Шифр хранения (Call Number) 63-3/581
942 ## - ДОПОЛНИТЕЛЬНЫЕ ЭЛЕМЕНТЫ ЗАПИСИ (АБИС)
Тип экземпляра АБИС Книга
980 ## - КОЛЛЕКЦИЯ
Название коллекции Национальная библиография
Экземпляры
Тип экземпляра Дата поступления Библиотека постоянного хранения Библиотека текущего хранения Место хранения Шифр хранения Штрих-код Статус экземпляра Стоимость Источник поступления
Книга 26.10.2013 РНБ (Московский) РНБ (Московский) Русский книжный фонд: издания с 1957 года 63-3/581 1-1594462      
Книга 01.03.2014 РНБ (Московский) РНБ (Московский) Фонд общего зала литературы по филологии, педагогике и искусству (гуманитарной литературы) Л1 Ш6(2=Р)7/Э-763 1-367733   1.25  
Книга 05.08.2015 РНБ (Фонтанка) РНБ (Фонтанка) Юношеский читальный зал Ю С/Э-76 1-1002835     Источник неизвестен